Нетрадиційні уроки як засіб формування іншомовної комунікативної компетенції на уроках англійської мови (на прикладі учнів 1-4 класів) (Запис № 285392)

МАРК-запис
000 -LEADER
fixed length control field 01763nam a22001577a 4500
041 ## - LANGUAGE CODE
Language code of text/sound track or separate title ukr
080 ## - UNIVERSAL DECIMAL CLASSIFICATION NUMBER
Universal Decimal Classification number 09
090 ## - LOCALLY ASSIGNED LC-TYPE CALL NUMBER (OCLC); LOCAL CALL NUMBER (OCLC)
Local cutter number (OCLC) ; Book number/undivided call number, CALL (RLIN) СЛО
100 ## - MAIN ENTRY--PERSONAL NAME
Personal name Слободзяна, В. М.
245 ## - TITLE STATEMENT
Title Нетрадиційні уроки як засіб формування іншомовної комунікативної компетенції на уроках англійської мови (на прикладі учнів 1-4 класів)
260 ## - PUBLICATION, DISTRIBUTION, ETC. (IMPRINT)
Place of publication, distribution, etc Острог
Name of publisher, distributor, etc КАФ
Date of publication, distribution, etc 2014
300 ## - PHYSICAL DESCRIPTION
Extent 76
520 ## - SUMMARY, ETC.
Summary, etc Вступ.<br/>Розділ І. Поняття іншомовної комунікативної компетенції у сучасній психолого-педагогічній літературі.<br/>1.1. Поняття іншомовної комунікативної компетенції<br/>1.2. Особливості формування комунікативної компетенції учнів початкової школи<br/>1.3. Комунікавний підхід як засіб формування основних видів компетентності<br/>Розділ ІІ. Нетрадиційні уроки у процесі формування іншомовної комунікативної компетенції.<br/>2.1. Нетрадиційні уроки як методи формування іншомовної комунікативної компетенції учнів початкових класів<br/>2.2. Фрагменти нетрадиційних уроків для учнів 1-4 класів<br/>Висновки.<br/>Список використаної літератури.<br/>Додатки.
-- комунікативна компетенція, методика
650 ## - SUBJECT ADDED ENTRY--TOPICAL TERM
Topical term or geographic name as entry element Research Papers
942 ## - ADDED ENTRY ELEMENTS (KOHA)
Koha item type Книги
Фонди
Withdrawn status Lost status Source of classification or shelving scheme Damaged status Not for loan Home library Current library Date acquired Source of acquisition Cost, normal purchase price Total Checkouts Full call number Barcode Date last seen Price effective from Koha item type
    Universal Decimal Classification     ВІЛ - Відділ іноземн. літератури НБ ВІЛ - Відділ іноземн. літератури НБ 17/06/2014 Акт №8 1.00   09 215620 09/11/2021 17/06/2014 Книги